000 02293nam a22002897a 4500
003 OSt
005 20240422101417.0
008 210217b 2020 dr abc 00| 0 eng d
020 _a9789945613438
040 _aDO-SdBNP
_bspa
_cBNPHU
082 4 _a972.93052
_bB333n
_222
100 1 _aBatlle Pérez, Fernando Arturo,
_d1938-
_977822
245 1 0 _aNaufragio del crucero acorazado USS Memphis :
_bla ola que llevaba el alma de la Patria /
_cFernando Arturo Batlle Pérez ; prólogo : José Chez Checo.
260 _aSanto Domingo :
_bArchivo General de la Nación,
_c2020.
300 _a406 p. :
_bil., mapas retrs. ;
_c23 cm.
490 1 _aArchivo General de la Nación ;
_v377
500 _aIncluye datos biográficos del autor en la solapa de la cubierta
500 _aIncluye referencias bibliográficas y notas al pie de las páginas
500 _aIncluye índice onomástico
505 0 _aPrólogo /
_r José Chez Checo
_tIntroducción --
_gCapítulo I
_tEscenario político-militar del naufragio del USS Memphis --
_g Capítulo II
_tEl escenario físico del naufragio del USS Memphis --
_gCapítulo III
_tEl crucero acorazado USS Tennessee-Memphis --
_tEl crucero acorazado y su importancia en el desarrollo y evolución de la Armada de los Estados Unidos de Norteamérica --
_tCaracterísticas estructurales y funcionales del crucero acorazado USS Tennessee-Memphis --
_tBreve historia de sus operaciones en el mar --
_tEl cañonero USS Castine --
_g Capítulo IV
_tEl naufragio del USS Memphis y su tragedia humana --
_gCapítulo V
_tCausa primaria y factores causales del naufragio del USS Memphis --
_gCapítulo VI
_tDestino del derrelicto del USS Memphis --
_gCapítulo VII
_tUna condena cuyos motivos flotaron en un mar de incertidumbres --
_gCapítulo VIII
_tDe cuatro héroes ---
_gCapítulo IX
_tDe un excelso relator y de una asociación de supervivientes --
_tPoética, prosa, reportes periodísticos y otros documentos sobre el naufragio del USS Memphis --
_t Epílogo --
590 _aInventariado, 2021 /LP
650 4 _a Barcos de guerra
_x Naufragios
_978357
651 0 _aRepública Dominicana --
_xHistoria --
_yOcupación norteamericana, 1916-1924
_91926
700 1 _aChez Checo, José,
_d1949-
_eprólogo
_910145
830 0 _aArchivo General de la Nación ;
_n 377
_977823
942 _2ddc
_cLBS1
999 _c49400
_d49400